• 首页
  • 本馆介绍
  • 公告通知
  • 最新文献
  • 馆藏检索
  • 电子资源
  • 读者荐购
  • 参考咨询
  • CALIS
  • 我的图书馆
  • 登录
  • 详细信息显示
  • 放入我的书架
  • 预约/预借图书
  • 作者相关作品
  • 分类相关作品
  • 丛书相关作品
  • 出版社相关作品

书目信息

  • 表格格式
  • 工作单格式
  • 卡片格式
题名:
家庭阅读指导
    
 
作者: 曹文 主编 ;王琳 , 魏慧琳 译
分册: 1   九级
出版信息: 北京   外语教学与研究出版社  2016.06
页数: 79页
开本: 20cm
丛书名:
单 册:
中图分类: H319.4
科图分类:
主题词: 英语
电子资源:
ISBN: 978-7-5135-7602-4
 
 
 
 
 
000 00861nam0 2200265 450
001 2653856353
005 20260626150250.68
010    @a978-7-5135-7602-4@dCNY70.00(全8册)
100    @a20260625d2016 km y0chiy0120 ea
101 0  @achi
102    @aCN@b110000
200 1  @a家庭阅读指导@AJia Ting Yue Du Zhi Dao@e大猫英语分级阅读@h1@i九级@f曹文主编;王琳,魏慧琳译@FCao Wen Zhu Bian;Wang Lin,Wei Hui Lin Yi
210    @a北京@c外语教学与研究出版社@d2016.06
215    @a79页@d20cm
300    @a适合小学六年级、初一
503    @n河南城建学院图书馆
517 1  @a大猫英语分级阅读@ADa Mao Ying Yu Fen Ji Yue Du
517 1  @a九级@AJiu Ji
606 0  @a英语
690    @aH319.4@v4
701  0 @a曹文@ACao Wen@4主编
702  0 @a王琳@AWang Lin@4译
702  0 @a魏慧琳@AWei Hui Lin@4译
801  0 @aCN@b河南城建学院图书馆@c20260625
905    @dH319.4@eC1551:9:1
    
    家庭阅读指导:大猫英语分级阅读.1.九级/曹文主编;王琳,魏慧琳译.-北京:外语教学与研究出版社,2016.06
    79页;20cm
    适合小学六年级、初一
    
    ISBN 978-7-5135-7602-4:CNY70.00(全8册)
    
●
相关链接 在E读中查询图书 在当当中查询图书 在豆瓣中查询图书


正题名:家庭阅读指导     索取号:H319.4/C1551:9:1         预约/预借

序号 登录号 条形码 馆藏地/架位号 状态 备注
1 1557308   215573083   外国语学院资料室/ [索取号:H319.4/C1551:9:1] 在馆    
河南城建学院图书馆 欢迎您!
大连网信软件有限公司© 版权所有